Розвиток обдарованої особистості: світовий та вітчизняний контексти (Запис № 574160)

МАРК-запис
000 -Лідер
fixed length control field 00842 a2200217 4500
003 - Ідентифікатор контрольного номера
control field UA-OsUOA
005 - Дата та час останнього входження (трансакції)
control field 20230412160533.0
008 - Елементи даних фіксованої довжини – загальна інформація
fixed length control field 230412b un ||||| |||| 00| 0 ukr d
040 ## - Джерело каталогізації
Агенція оригінальної каталогізації UA-OsUOA
Мова каталогізації ukr
Агенція, яка здійснювала перезапис UA-OsUOA
Агенція, яка здійснювала модифікацію UA-OsUOA
041 ## - Код мови
Код мови тексту/ звукової доріжки чи окремого заголовка (П) ukr
080 ## - Індекс Універсальної десяткової класифікації
Індекс Універсальної десяткової класифікації (УДК) (НП) 159.9:376
090 ## - Локальний шифр розміщення
Класифікаційний індекс УДК 159.9:376
Авторський знак (НП) Р64
111 ## - Наймення заходу – загальна інформація
Дата зустрічі 18–20 листопада 2021 року
245 ## - Відомості про назву
Назва (НП) Розвиток обдарованої особистості: світовий та вітчизняний контексти
Решта назви (НП) матеріали методологічного семінару
260 ## - Публікація, розповсюдження і т.п. (Вихідні дані)
Місце публікації, розповсюдження і т.п. (П) К.
Ім’я/ наймення видавництва, розповсюджувача і т.п. (П) ІОД
Дата публікації, розповсюдження і т.п. (П) 2021
300 ## - Фізичний опис
Обсяг 620 с.
650 ## - Додаткове предметне введення – тематичний термін
Джерело заголовка чи терміна UDC
Тематичний термін чи географічна назва, як елемент введення (НП) 159.9 Психологія
942 ## - Додаткові елементи входу (Коха)
Тип елемента Koha Книги
Source of classification or shelving scheme Universal Decimal Classification
955 ## - Код типу видання за змістом
Код типу видання за змістом (НП) Наукові видання
Фонди
Стан вилучень Стан втрат Джерело класифікації або схеми стелажів Стан уражень Не для кредиту Постійне місце розташування Поточне розміщення Дата придбання Джерело придбання Вартість, звичайна ціна покупки Усього замовленно Повний номер виклику Штрих-код Дата останнього перегляду Вартість, ціна заміни Ціна ефективна від Тип елемента Koha Примітка, призначена для загального доступу
    Universal Decimal Classification     ЧЗ - Читальна зала ЧЗ - Читальна зала 12/04/2023 №12/12.04.2023 60.00   159.9:376 Р64 165809 12/04/2023 60.00 12/04/2023 Книги подарувала Гандзілевська Г.